00482nam a2200085Ia 4500008004100000245002300041300025300064650002800317856005100345170517s9999 xx 000 0 und d 4aThe dot.com Bubble aBubbles are when a products value continues to rise beyond its true value. But what happens when the bubble inevitably bursts? What are the types of economic bubbles? Intrinsic bubbles, informational bubbles, classic bubbles and fads are all the... xBusiness and Economics. uhttp://topdocumentaryfilms.com/dot-com-bubble/